[Event "Titled Tuesday intern op 23rd Mar"]
[Site "Chess.com INT"]
[Date "2021.03.23"]
[Round "11"]
[White "Serrer, Christoph"]
[Black "Lonoff, Marc J"]
[Result "1-0"]
[WhiteElo "2283"]
[BlackElo "2122"]
[PlyCount "75"]
[EventDate "2021.03.23"]
[EventType "swiss (blitz)"]
[EventRounds "11"]
[EventCountry "USA"]
[SourceTitle "CBM 201 Extra"]
[Source "ChessBase"]
[SourceDate "2021.05.31"]
[SourceVersion "1"]
[SourceVersionDate "2021.05.31"]
[SourceQuality "1"]

1. Nf3 e6 2. c4 b6 3. d4 Bb7 4. a3 f5 5. Nc3 Nf6 6. d5 Bd6 7. Qd3 0-0 8. g3 Na6 9. b4 c6 10. dxc6 dxc6 11. Bb2 Qe7 12. Bg2 Rad8 13. Qc2 c5 14. b5 Nc7 15. 0-0 a6 16. a4 g6 17. a5 axb5 18. axb6 Na8 19. Nxb5 Nxb6 20. Nxd6 Rxd6 21. Ra7 Nc8 22. Ra3 Be4 23. Qc3 Nb6 24. h3 Nbd7 25. Rfa1 h6 26. Ra7 g5 27. Ne5 Bxg2 28. Kxg2 Qe8 29. Nxd7 Rxd7 30. Rxd7 Qxd7 31. Qe5 Qc6+ 32. Kh2 Qe4 33. Ra6 Qxe5 34. Bxe5 Ne4 35. Kg2 Kf7 36. Ra7+ Kg6 37. Rg7+ Kh5 38. f3 1-0

[Event "Titled Tuesday intern op 23rd Mar"]
[Site "Chess.com INT"]
[Date "2021.03.23"]
[Round "10"]
[White "Sikorova, Olga"]
[Black "Lonoff, Marc J"]
[Result "1-0"]
[WhiteElo "2215"]
[BlackElo "2122"]
[PlyCount "107"]
[EventDate "2021.03.23"]
[EventType "swiss (blitz)"]
[EventRounds "11"]
[EventCountry "USA"]
[SourceTitle "CBM 201 Extra"]
[Source "ChessBase"]
[SourceDate "2021.05.31"]
[SourceVersion "1"]
[SourceVersionDate "2021.05.31"]
[SourceQuality "1"]

1. c4 b6 2. b3 Bb7 3. Bb2 Nf6 4. Nc3 g6 5. Nd5 Bg7 6. Nxf6+ Bxf6 7. Bxf6 exf6 8. e3 0-0 9. Nf3 d6 10. Be2 Nd7 11. 0-0 Qe7 12. d4 Kg7 13. Qd2 Be4 14. Qc3 c5 15. Nd2 Rac8 16. Bd3 f5 17. f3 Bxd3 18. Qxd3 Nf6 19. d5 Rfe8 20. Rae1 Qe5 21. e4 f4 22. Re2 g5 23. Kf2 h5 24. g3 Rg8 25. Rg1 Kh6 26. gxf4 Qxf4 27. Ke1 Rce8 28. Qe3 Qxe3 29. Rxe3 Nd7 30. Nf1 Ne5 31. Ng3 Kh7 32. Nxh5 Rg6 33. Ng3 Rh6 34. Nf1 Rh3 35. Rg3 Rxg3 36. hxg3 Kg6 37. Kf2 f5 38. exf5+ Kxf5 39. Kg2 g4 40. f4 Rf8 41. fxe5 dxe5 42. Nd2 Rb8 43. Ne4 b5 44. Nd6+ Kg5 45. Nxb5 a6 46. Nd6 Kf6 47. Ne4+ Kf5 48. Nxc5 a5 49. Nd3 e4 50. Nc5 Rc8 51. Nxe4 a4 52. Nd6+ Kg5 53. Nxc8 axb3 54. axb3 1-0

[Event "Titled Tuesday intern op 16th Mar"]
[Site "Chess.com INT"]
[Date "2021.03.16"]
[Round "4"]
[White "Matthiesen, Martin"]
[Black "Lonoff, Marc J"]
[Result "1-0"]
[WhiteElo "2296"]
[BlackElo "2122"]
[PlyCount "69"]
[EventDate "2021.03.16"]
[EventType "swiss (blitz)"]
[EventRounds "11"]
[EventCountry "USA"]
[SourceTitle "CBM 201 Extra"]
[Source "ChessBase"]
[SourceDate "2021.05.31"]
[SourceVersion "1"]
[SourceVersionDate "2021.05.31"]
[SourceQuality "1"]

1. d4 e6 2. c4 Bb4+ 3. Bd2 a5 4. e4 d5 5. cxd5 exd5 6. e5 Nc6 7. a3 Bxd2+ 8. Qxd2 Nge7 9. Nc3 Bf5 10. f4 h5 11. Nf3 a4 12. Bb5 0-0 13. Bxa4 Na5 14. 0-0 Nc4 15. Qf2 c6 16. Nh4 Qd7 17. Rae1 Qe6 18. Bc2 g6 19. Nd1 b5 20. Kh1 Rfb8 21. Nxf5 Nxf5 22. Bxf5 Qxf5 23. Ne3 Qd3 24. f5 g5 25. e6 f6 26. Nd1 b4 27. a4 b3 28. Nc3 Nd2 29. Rg1 Ne4 30. Nxe4 dxe4 31. Re3 Qxd4 32. Rge1 Rxa4 33. Qg3 Re8 34. h4 g4 35. Qc7 1-0

[Event "Titled Tuesday intern op 02nd Mar"]
[Site "Chess.com INT"]
[Date "2021.03.02"]
[Round "2"]
[White "Gritsenko, Nikolai"]
[Black "Lonoff, Marc J"]
[Result "1-0"]
[WhiteElo "2309"]
[BlackElo "2122"]
[PlyCount "87"]
[EventDate "2021.03.02"]
[EventType "swiss (blitz)"]
[EventRounds "11"]
[EventCountry "USA"]
[SourceTitle "CBM 201 Extra"]
[Source "ChessBase"]
[SourceDate "2021.05.31"]
[SourceVersion "1"]
[SourceVersionDate "2021.05.31"]
[SourceQuality "1"]

1. b3 d5 2. Bb2 Nf6 3. Nf3 e6 4. e3 Be7 5. g4 h6 6. Rg1 c5 7. h4 Nc6 8. g5 hxg5 9. hxg5 Nh5 10. Rh1 Kd7 11. Bb5 Kc7 12. Bxc6 bxc6 13. Nc3 Ba6 14. d3 Bxg5 15. Na4 Be7 16. Qd2 Kb7 17. Ba3 Nf6 18. Rxh8 Qxh8 19. 0-0-0 Qf8 20. d4 cxd4 21. Bxe7 Qxe7 22. exd4 Qa3+ 23. Kb1 Ne4 24. Qa5 Qd6 25. Ne5 f6 26. Nd3 Bb5 27. Ndc5+ Nxc5 28. Nxc5+ Kc8 29. c4 dxc4 30. a4 cxb3 31. axb5 cxb5 32. Qxb5 Rb8 33. Qe8+ Kc7 34. Qf7+ Kc6 35. Nxe6 b2 36. d5+ Kb6 37. Rd2 Ka6 38. Nc7+ Ka5 39. Ne8 Qc5 40. Qc7+ Qxc7 41. Nxc7 Kb6 42. d6 Rd8 43. Ne6 Rd7 44. Nxg7 1-0

[Event "Titled Tuesday intern op 02nd Mar"]
[Site "Chess.com INT"]
[Date "2021.03.02"]
[Round "3"]
[White "Lonoff, Marc J"]
[Black "Plotnikov, Pavel"]
[Result "0-1"]
[WhiteElo "2122"]
[BlackElo "2297"]
[PlyCount "58"]
[EventDate "2021.03.02"]
[EventType "swiss (blitz)"]
[EventRounds "11"]
[EventCountry "USA"]
[SourceTitle "CBM 201 Extra"]
[Source "ChessBase"]
[SourceDate "2021.05.31"]
[SourceVersion "1"]
[SourceVersionDate "2021.05.31"]
[SourceQuality "1"]

1. c4 e6 2. e4 d5 3. exd5 exd5 4. cxd5 Nf6 5. Bb5+ Bd7 6. Bc4 Be7 7. Nc3 0-0 8. Nf3 a6 9. 0-0 b5 10. Bb3 Bg4 11. h3 Bh5 12. g4 Bg6 13. Ne5 b4 14. Nxg6 hxg6 15. Na4 Nxd5 16. Qf3 c6 17. d4 Bf6 18. Be3 Ra7 19. Rac1 Re7 20. Nc5 Rfe8 21. g5 Rxe3 22. fxe3 Rxe3 23. Qf2 Bxd4 24. Qxf7+ Kh7 25. Kh2 Be5+ 26. Kh1 Rxh3+ 27. Kg2 Rh2+ 28. Kf3 Qxg5 29. Rh1 Qg2# 0-1

[Event "Titled Tuesday intern op 23rd Feb"]
[Site "Chess.com INT"]
[Date "2021.02.23"]
[Round "11"]
[White "Lonoff, Marc J"]
[Black "Ismayil, Malak"]
[Result "0-1"]
[WhiteElo "2122"]
[BlackElo "1997"]
[PlyCount "62"]
[EventDate "2021.02.23"]
[EventType "swiss (blitz)"]
[EventRounds "11"]
[EventCountry "USA"]
[SourceTitle "CBM 200 Extra"]
[Source "ChessBase"]
[SourceDate "2021.03.31"]
[SourceVersion "1"]
[SourceVersionDate "2021.03.31"]
[SourceQuality "1"]

1. c4 e5 2. Nc3 Nf6 3. g3 d5 4. cxd5 Nxd5 5. Bg2 Nxc3 6. bxc3 Nc6 7. Qc2 Bc5 8. d3 0-0 9. Nf3 Bg4 10. 0-0 h6 11. Rb1 Bb6 12. h3 Bh5 13. Kh2 f5 14. Rb5 Re8 15. a4 a6 16. Rb1 Qf6 17. Be3 e4 18. Ng1 exd3 19. Qxd3 Rad8 20. Bd4 Nxd4 21. cxd4 Rxd4 22. Qb3+ Bf7 23. Qc2 Rc4 24. Qd3 Rd8 25. Rxb6 cxb6 26. Qe3 b5 27. axb5 axb5 28. Bxb7 b4 29. Nf3 Rc3 30. Qf4 b3 31. Rb1 Rc2 0-1